Paroles - Le France - Michel Sardou - Statistiques

Statistiques générales
  • Ce quiz a été pris 1 225 fois
  • Le résultat moyen est 154 sur 195
Statistiques - réponses
Réponse % Correct
la
99%
La
99%
m'a
99%
ma
99%
de
98%
France
98%
ne
97%
Ne
97%
97%
plus
97%
à
96%
elle
96%
ce
95%
jamais
95%
je
95%
Je
95%
le
95%
laissé
94%
tomber
93%
que
92%
C'est
91%
c'est
91%
dernière
90%
volonté
90%
un
88%
m'appelez
87%
en
82%
suis
81%
qui
80%
Quand
79%
Mary
78%
78%
pays
78%
Queen
78%
me
77%
pense
76%
qu'on
76%
sur
76%
anglaise
75%
des
75%
les
74%
vieille
74%
appelait
73%
Californie
73%
quai
73%
grand
71%
bateau
70%
navire
69%
pour
69%
pas
67%
J'étais
66%
j'étais
66%
guerre
65%
gigantesque
64%
et
63%
Saint-Nazaire
63%
cul
62%
ses
62%
tourné
62%
breton
61%
si
61%
couler
60%
reste
60%
qu'il
59%
courage
58%
loin
57%
qu'est
57%
aussi
56%
l'océan
56%
ait
55%
comme
55%
corps
55%
presque
55%
falaises
54%
Echouée
53%
mort
53%
cormorans
51%
épaves
50%
mille
50%
finir
49%
fort
49%
géant
49%
leur
49%
ans
48%
capable
48%
englouties
48%
milliers
47%
croiser
46%
d'amants
46%
j'envie
46%
n'ont
44%
revu
44%
rêve
41%
voudrais
37%
j'emportais
36%
cherchaient
34%
courriers
32%
longs
32%
Aucun quiz correspondant
Distribution des résultats
% des personnes avec chaque résultat
Percentile par nombre de réponses
Votre historique - résultats
Vous n’avez pas pris ce quiz